000 00537nam a2200169 i 4500
001 63890
003 ES-MaACL
005 20230906165008.0
007 t|
008 031217m19781980sp ||||1| spa d
245 0 4 _aLos filósofos presocráticos /
_cintroducciones, traducciones y notas por Conrado Eggers Lan y Victoria E. Juliá.
260 _a[Madrid] :
_bGredos,
_c[1978-80]
300 _a3 v. ;
_c20 cm.
700 1 _aEggers Lan, Conrado.
_946723
700 1 _aJuliá, Victoria E.
_967233
852 _aES-MaACL
_jL-2338-40
_bR.97946
999 _c63890
_d63890